000 00321nam a22001337a 4500
008 170619b xxu||||| |||| 00| 0 eng d
020 _a9780691028576
041 _aeng
080 _a94(100)
100 _a18
101 _aSHH
245 _aTHE THREE WORLDS OF WELFARE CAPITALISM
_cANDERSON.G.E
942 _2udc
_cBK
999 _c18167
_d18167